| 000 | 01970nam1a2200385 4500 | ||
|---|---|---|---|
| 001 | RU\NLR\bibl\19397 | ||
| 005 | 20250807185256.0 | ||
| 010 | _a5-210-01492-4 | ||
| 035 | _a(NLR Aleph) 000018908 | ||
| 090 |
_a88691 _c88691 |
||
| 100 | _a20250807 rusy50 | ||
| 101 | 0 | _arus | |
| 102 | _aRU | ||
| 105 | _a||||z ||||| | ||
| 200 | 1 |
_aНовая толковая Библия _eПодгот. на основе "Толковой Библии, или Коммент. на все кн. Свящ. писания Ветхого и Нового заветов",изд. в С.- Петербурге в 1904-1913 г. _eВ 12 т. _fСев.-Зап. библейск. комис. и др. _g[Гл. ред. К.И. Логачев] _gС ил. Гюстава Дорэ |
|
| 205 | _a2-е изд., доп. | ||
| 210 |
_aСПб. _cИскусство-СПБ _cСев.-Зап. библейск. комис. _d1998 |
||
| 215 | _d25 | ||
| 300 | _aВ надзаг. также: Изд-во "Искусство - СПБ", С.- Петерб. фил. Арх. Рос. акад. наук | ||
| 463 | 0 | _100118268 | |
| 488 | 0 |
_12001#$aТолковая Библия, или Комментарии на все книги Священного писания Ветхого и Нового заветов _1210##$aСПб.$d1904-1913 |
|
| 605 |
_aБиблия _xТолкование _2nlr-sh1 _3RU\NLR\auth\661251586 |
||
| 605 |
_aБиблия _2psbo |
||
| 689 | _aЭ37-200.2 | ||
| 702 | 1 |
_aЛогачев _bК. И. _gКонстантин Иванович _4340 |
|
| 712 | 0 | 2 |
_aСеверо-Западная библейская комиссия _cСанкт-Петербург _3RU\NLR\AUTH\889931381 _4570 |
| 801 | 0 |
_aRU _bNLR _c19990401 _gPSBO |
|
| 801 | 1 |
_aRU _bNLR _c19990401 |
|
| 852 |
_aNLR _j99-7/62 |
||
| 942 | _cBOOK | ||
| 945 | _aРоссийская национальная библиотека | ||
| 980 | _aBV | ||
| 980 | _aNB | ||